000 00493nam a2200169Ia 4500
003 GCL
008 140319s9999 xx 000 0 ara d
040 _aGCL /
_cGCL
082 0 4 _a323.401
_bر ف
100 1 _aروؤف عبيد
245 1 0 _aفى التسيير والتخيير: بين الفلسفة العامة وفلسفة القانون /
_cروؤف عبيد
300 _a565 ص
490 _a
650 0 4 _aالقانون
650 0 4 _aالقانون فلسفة
942 _2ddc
_cBK
999 _c38922
_d38922